1068 1855 1298 1220 1650 1863 1106 1510 1467 1629 1378 1853 1529 1438 1758 1408 1148 1223 1094 1276 1524 1706 1222 1139 1176 1875 1305 1112 1061 1153 1409 1646 1825 1004 1313 1663 1419 1468 1584 1331 1376 1315 1934 1517 1979 1815 1231 1946 1329 1976 1231 1479 1006 1292 1554 1351 1830 1612 1094 1758 1798 1461 1032 1086 1357 1004 1700 1239 1430 1297 1154 1914 1316 1748 1654 1483 1078 1481 1350 1473 1629 1295 1962 1035 1064 1376 1983 1203 1816 1709 1457 1920 1136 1646 1968 1193 1598 1926 1021 BCNSPRNW ULIB Ver.6.0+V

เปลี่ยนเป็นภาษาไทย

Change to English
 แสดงรายละเอียดบรรณานุกรม
  กลับหน้าหลัก

Brief Record : Get Marc (ISO 2709) : E-mail record : QR code < ปิดหน้าต่าง
LEADER : 00000nam 2200000uu 4500
001    13399113162
003     ULIB
008    110929s2548||||th 000 0 tha d
020    9789748283070
050  4 QA76.73^bน658ท 2548
100 0  นิรุธ อำนวยศิลป์
245 10 เทคนิค PHP เพื่อการต่อยอด 3 /^cนิรุธ อำนวยศิลป์
260    กรุงเทพฯ :^bThaidev,^c2548
300    168 หน้า :^bภาพประกอบ ;^c22 ซม.
650  7 php
650  7 เว็บไซต์^xการออกแบบ
710 1  Thaidev
945    ^p179^l0^i025143
995    ทศพร
999 ^a ทศพร
รายการนี้ยังไม่มีแท็ก
คุณยังไม่ได้ล็อกอิน คุณสามารถมีกิจกรรมร่วมกับเว็บไซต์ได้ แต่ต้องล็อกอินก่อน ::
  ล็อกอิน

รายการสื่อสารสนเทศ

ลำดับที่ ประเภท เลขเรียก/บาร์โค้ด สถานที่ สถานะ
- ไม่พบข้อมูล -

รายการใกล้เคียง
    ผู้แต่ง [นิรุธ อำนวยศิลป์]

    หัวเรื่อง [php]

BibComment


ยังไม่เคยถูกคอมเมนท์

คอมเมนท์ทรัพยากรรายการนี้
  คอมเมนท์: เทคนิค PHP เพื่อก..


 Copyright 2026. Bcnsprnw @Library